[Event "Helsinki MatSK op"]
[Site "Helsinki"]
[Date "2020.02.23"]
[Round "6"]
[White "Sopanen, Pekka"]
[Black "Nordlund, Henri"]
[Result "1-0"]
[WhiteElo "1829"]
[BlackElo "1828"]
[PlyCount "59"]
[EventDate "2020.02.21"]
[EventType "swiss"]
[EventRounds "7"]
[EventCountry "FIN"]
[SourceTitle "CBM 195 Extra"]
[Source "ChessBase"]
[SourceDate "2020.05.31"]
[SourceVersion "1"]
[SourceVersionDate "2020.05.31"]
[SourceQuality "1"]

1. e4 e5 2. Nf3 Nc6 3. Bb5 a6 4. Ba4 Nf6 5. 0-0 Be7 6. Re1 b5 7. Bb3 d6 8. c3 0-0 9. h3 Na5 10. Bc2 c5 11. d4 cxd4 12. cxd4 Qc7 13. Nbd2 Nc6 14. Nf1 exd4 15. Bd2 Nd7 16. Rc1 Qb6 17. Ng3 g6 18. Bh6 Re8 19. Ng5 Bf8 20. Nxf7 Kxf7 21. Bb3+ Ke7 22. Bg5+ Nf6 23. Qf3 Bg7 24. Rxc6 Qa5 25. Rec1 b4 26. Rc7+ Bd7 27. Bxf6+ Bxf6 28. Rxd7+ Kxd7 29. Qxf6 Qe5 30. Ba4+ 1-0

[Event "FIN-chT2 Gp1 1718"]
[Site "Finland"]
[Date "2017.09.16"]
[Round "1.3"]
[White "Nordlund, Henri"]
[Black "Ruotanen, Helge"]
[Result "1/2-1/2"]
[WhiteElo "1835"]
[BlackElo "1934"]
[PlyCount "49"]
[EventDate "2017.09.16"]
[EventType "team-tourn"]
[EventRounds "7"]
[EventCountry "FIN"]
[SourceTitle "EXT 2020"]
[Source "ChessBase"]
[SourceDate "2019.10.17"]
[SourceVersion "1"]
[SourceVersionDate "2019.10.17"]
[SourceQuality "1"]
[WhiteTeam "Vantaa EtVaS III"]
[BlackTeam "Helsinki KS 58 II"]
[WhiteTeamCountry "FIN"]
[BlackTeamCountry "FIN"]

1. e4 g6 2. d4 Bg7 3. Nc3 d6 4. f4 Nc6 5. Be3 e5 6. dxe5 Nh6 7. Nf3 0-0 8. h3 Be6 9. exd6 cxd6 10. Qd2 d5 11. e5 Nf5 12. 0-0-0 Qa5 13. Nd4 Ncxd4 14. Bxd4 Rfc8 15. g4 Nxd4 16. Qxd4 b5 17. Kb1 b4 18. Nxd5 Bxd5 19. Qxd5 Rd8 20. Qf3 g5 21. Bg2 Rac8 22. Rd5 Qc7 23. Rxd8+ Rxd8 24. Rd1 gxf4 25. Rxd8+ 1/2-1/2

[Event "Turku We TuTS"]
[Site "Turku"]
[Date "2015.11.27"]
[Round "1"]
[White "Kiik, Kalle"]
[Black "Nordlund, Henri"]
[Result "1-0"]
[WhiteElo "2386"]
[BlackElo "1838"]
[PlyCount "73"]
[EventDate "2015.11.27"]
[EventType "swiss"]
[EventRounds "5"]
[EventCountry "FIN"]
[SourceTitle "EXT 2022"]
[Source "ChessBase"]
[SourceDate "2021.10.06"]
[SourceVersion "1"]
[SourceVersionDate "2021.10.06"]
[SourceQuality "1"]

1. e4 e5 2. Nf3 Nc6 3. Bc4 Nf6 4. d4 exd4 5. e5 d5 6. Bb5 Ne4 7. Nxd4 Bd7 8. Bxc6 bxc6 9. 0-0 Bc5 10. Be3 0-0 11. f3 Ng5 12. Nc3 Ne6 13. Qd2 Nxd4 14. Bxd4 Bb6 15. Na4 Qe7 16. Qc3 Rfe8 17. Rae1 Rab8 18. Nc5 a5 19. b3 Ra8 20. a4 Bxc5 21. Bxc5 Qg5 22. f4 Qg6 23. Re3 Bf5 24. Rf2 Qe6 25. Bd4 Reb8 26. Qd2 Rb4 27. Rc3 Ra6 28. h3 Rb8 29. Rc5 Rba8 30. g4 Be4 31. f5 Qh6 32. Qxh6 gxh6 33. Kh2 Re8 34. Kg3 Kf8 35. Kh4 Ke7 36. Kh5 Rb8 37. Bc3 1-0